Statistics for Premier League Tile Select Quiz

Click here to take the quiz!

General Stats

  • This quiz has been taken 247 times
  • The average score is 64 of 80

Answer Stats

QuestionTileSelect% Correct
Teams that have won the Premier League?Cardiff CityNo
99%
Teams that have won the Premier League?WatfordNo
99%
Teams that have won the Premier League?ArsenalYes
98%
Teams that have won the Premier League?ChelseaYes
98%
Teams that have won the Premier League?Luton TownNo
98%
Teams that have won the Premier League?Manchester UnitedYes
98%
Teams that have won the Premier League?Stoke CityNo
98%
Teams that have won the Premier League?Manchester CityYes
97%
Teams that have won the Premier League?Wolverhampton WonderersNo
96%
Teams that have won the Premier League?West HamNo
95%
Teams that have won the Premier League?Leicester CityYes
94%
Teams that have qualified for The Champions League?BurnleyNo
91%
Teams that have a stadium capacity of above 50,000?BurnleyNo
91%
Teams that have qualified for The Champions League?WatfordNo
91%
Teams that have a stadium capacity of above 50,000?BournemouthNo
90%
Top 5 goal scorers in the Premier LeagueEmile HeskeyNo
90%
Teams that have qualified for The Champions League?LiverpoolYes
90%
Teams that have qualified for The Champions League?Manchester CityYes
90%
Top 5 goal scorers in the Premier LeagueRaheem SterlingNo
90%
Teams that have a stadium capacity of above 50,000?Sheffield UnitedNo
90%
Teams that have a stadium capacity of above 50,000?WatfordNo
90%
Teams that have a stadium capacity of above 50,000?ArsenalYes
89%
Teams that have qualified for The Champions League?ChelseaYes
89%
Teams that have won the Premier League?EvertonNo
89%
Teams that have qualified for The Champions League?Manchester UnitedYes
89%
Teams that have a stadium capacity of above 50,000?Manchester UnitedYes
89%
Top 5 goal scorers in the Premier LeagueSadio ManeNo
89%
Teams that have never been relegated since the premier league started?Wigan AthleticNo
89%
Teams that have never been relegated since the premier league started?Huddersfield TownNo
88%
Teams that have qualified for The Champions League?Norwich CityNo
88%
Teams that have never been relegated since the premier league started?Sheffield UnitedNo
88%
Teams that have qualified for The Champions League?SouthamptonNo
88%
Teams that have a stadium capacity of above 50,000?SouthamptonNo
88%
Teams that have never been relegated since the premier league started?Swansea CityNo
88%
Teams that have qualified for The Champions League?Tottenham HotspurYes
88%
Teams that have never been relegated since the premier league started?WatfordNo
88%
Teams that have qualified for The Champions League?ArsenalYes
87%
Teams that have never been relegated since the premier league started?BurnleyNo
87%
Top 5 goal scorers in the Premier LeagueJermaine DefoeNo
87%
Teams that have won the Premier League?Tottenham HotspurNo
87%
Teams that have never been relegated since the premier league started?ArsenalYes
86%
Top 5 goal scorers in the Premier LeagueDavid BeckhamNo
86%
Teams that have never been relegated since the premier league started?LiverpoolYes
86%
Teams that have a stadium capacity of above 50,000?Manchester CityYes
86%
Top 5 goal scorers in the Premier LeagueRyan GiggsNo
86%
Teams that have a stadium capacity of above 50,000?Wolverhampton WonderersNo
86%
Top 5 goal scorers in the Premier LeagueAlan ShearerYes
85%
Teams that have a stadium capacity of above 50,000?Crystal PalaceNo
85%
Teams that have never been relegated since the premier league started?Manchester UnitedYes
85%
Top 5 goal scorers in the Premier LeagueSteven GerrardNo
84%
Teams that have qualified for The Champions League?West HamNo
82%
Teams that have never been relegated since the premier league started?BrentfordNo
81%
Teams that have qualified for The Champions League?Leicester CityYes
81%
Teams that have a stadium capacity of above 50,000?Leicester CityNo
81%
Teams that have never been relegated since the premier league started?West HamNo
81%
Teams that have won the Premier League?Leeds UnitedNo
80%
Teams that have a stadium capacity of above 50,000?LiverpoolYes
80%
Teams that have never been relegated since the premier league started?Newcastle UnitedNo
80%
Top 5 goal scorers in the Premier LeagueWayne RooneyYes
80%
Teams that have never been relegated since the premier league started?ChelseaYes
79%
Teams that have never been relegated since the premier league started?EvertonYes
79%
Top 5 goal scorers in the Premier LeagueRobbie FowlerNo
79%
Teams that have won the Premier League?Blackburn RoversYes
77%
Teams that have never been relegated since the premier league started?Tottenham HotspurYes
77%
Top 5 goal scorers in the Premier LeagueDidier DrogbaNo
75%
Teams that have never been relegated since the premier league started?Manchester CityNo
71%
Teams that have a stadium capacity of above 50,000?EvertonNo
70%
Teams that have qualified for The Champions League?Newcastle UnitedYes
65%
Teams that have qualified for The Champions League?Blackburn RoversYes
61%
Top 5 goal scorers in the Premier LeagueSergio AgüeroYes
60%
Teams that have a stadium capacity of above 50,000?West HamYes
60%
Teams that have qualified for The Champions League?Leeds UnitedYes
52%
Teams that have qualified for The Champions League?EvertonYes
42%
Teams that have a stadium capacity of above 50,000?ChelseaNo
41%
Top 5 goal scorers in the Premier LeagueHarry KaneNo
39%
Top 5 goal scorers in the Premier LeagueAndrew ColeYes
37%
Top 5 goal scorers in the Premier LeagueFrank LampardYes
31%
Teams that have a stadium capacity of above 50,000?Newcastle UnitedNo
29%
Top 5 goal scorers in the Premier LeagueThierry HenryNo
27%
Teams that have won the Premier League?LiverpoolNo
22%

Score Distribution

Percentile by Number Answered

Percent of People with Each Score

Your Score History

You have not taken this quiz